000 00511nam a2200181 a 4500
005 20210223124817.0
008 030120s1992 mx r 000 0 spa d
020 _a9681322606
035 _aUPN01000121458
049 _aI
050 4 _aQL46
_bT3.3
100 1 _aTaylor, Barbara Ann,
_d1954-
_933207
245 1 0 _aAtlas visual de los animales /
_cBarbara Taylor ; il. Kenneth Lilly.
260 _aMéxico :
_bDiana,
_cc1992.
300 _a64 p. :
_bil.
650 4 _aANIMALES -
_vATLAS
_91053
905 _aInfantil
999 _c93706
_d93706